| 000 | 00423 a2200133 4500 | ||
|---|---|---|---|
| 001 | 92430 | ||
| 082 | _a958.1045 COO | ||
| 090 |
_c44402 _d44403 |
||
| 100 | _aCooley John K.; Farrukh Sohail Govedi | ||
| 245 |
_aUnholy wars; afghanistan, america and international terrorism [urdu] _cFurrukh Suhail |
||
| 260 |
_aLahore _bJumhori Pub _c2010 |
||
| 300 | _a394 p. | ||
| 651 | _akabul say baghdad tak-ghair muqaddas jangian | ||
| 942 |
_aCAE NUST _k958.1045 COO |
||
| 999 |
_c327503 _d327503 |
||